U.S. States VS European Countries By Area - Statistics

General Stats
  • This quiz has been taken 12 times
  • The average score is 3 of 5
Answer Stats
Question Answer % Correct
Which is bigger? Finland
82%
Which is bigger? Iowa
64%
Which is bigger? Arkansas
45%
Which is bigger? Oregon
45%
Which is bigger? Bulgaria
36%
No matching quizzes found
Score Distribution
Percent of People with Each Score
Percentile by Number Answered
Your Score History
You have not taken this quiz